006020000a22001810004500090001300000100002600013700002300039245010300062044001300165041001400178650002800192650003500220650004500255650003600300942001300336773005400349999001700403 aSERIADAS1 aDuarte, Oscar91007861 aVelho, Lea910078710aAnálisis del marco legal en Colombia para la implementación de prácticas en bioprospección aColombia0 aEspañol14aBioprospección99387214aLegislación ambiental99230914aAcceso a los recursos genéticos99621014aConocimiento tradicional992244 cARTICULO1 tActa biológica colombianah2q103-121d2008g13 c16416d16416